[Event "Pardubice rapid op 34th"]
[Site "Pardubice"]
[Date "2023.07.20"]
[Round "7"]
[White "Juros, Zbynek"]
[Black "Markina, Sofiia"]
[Result "1-0"]
[WhiteElo "1637"]
[BlackElo "1584"]
[PlyCount "65"]
[EventDate "2023.07.19"]
[EventType "swiss (rapid)"]
[EventRounds "9"]
[EventCountry "CZE"]
[SourceTitle "CBM 215 Extra"]
[Source "ChessBase"]
[SourceDate "2023.09.30"]
[SourceVersion "1"]
[SourceVersionDate "2023.09.30"]
[SourceQuality "1"]

1. e4 c5 2. d4 cxd4 3. c3 dxc3 4. Nxc3 Nc6 5. Nf3 e6 6. Bf4 Bb4 7. Bc4 Nf6 8. Qe2 d6 9. 0-0 0-0 10. Rfd1 Qe7 11. Rac1 Rd8 12. Bb3 b6 13. a3 Bc5 14. Bg5 h6 15. Bh4 g5 16. Bg3 Nh5 17. e5 Nxg3 18. hxg3 dxe5 19. Rxd8+ Qxd8 20. Nxe5 Nd4 21. Qh5 Qf6 22. Ng4 Qg7 23. Nxh6+ Kf8 24. Bd1 Bb7 25. b4 Be7 26. Ne2 Nxe2+ 27. Bxe2 Qh7 28. Bd3 f5 29. Rc7 Bd5 30. g4 Be4 31. Bc4 Bd5 32. Bd3 Be4 33. Bc4 1-0

[Event "Pardubice rapid op 34th"]
[Site "Pardubice"]
[Date "2023.07.20"]
[Round "4"]
[White "Juros, Zbynek"]
[Black "Nespurek, Jan"]
[Result "0-1"]
[WhiteElo "1637"]
[BlackElo "1689"]
[PlyCount "27"]
[EventDate "2023.07.19"]
[EventType "swiss (rapid)"]
[EventRounds "9"]
[EventCountry "CZE"]
[SourceTitle "CBM 215 Extra"]
[Source "ChessBase"]
[SourceDate "2023.09.30"]
[SourceVersion "1"]
[SourceVersionDate "2023.09.30"]
[SourceQuality "1"]

1. b3 d5 2. Bb2 Nc6 3. e3 e5 4. Bb5 Bd6 5. c4 dxc4 6. Bxc4 Nf6 7. Bb5 Bd7 8. Nf3 e4 9. Bxc6 Bxc6 10. Nd4 Bd7 11. 0-0 Bxh2+ 12. Kxh2 Ng4+ 13. Kg3 Nf6 14. Nf3 0-1

[Event "Pardubice rapid op 34th"]
[Site "Pardubice"]
[Date "2023.07.20"]
[Round "8"]
[White "Juros, Zbynek"]
[Black "Setina, Vaclav"]
[Result "0-1"]
[WhiteElo "1637"]
[BlackElo "1997"]
[PlyCount "76"]
[EventDate "2023.07.19"]
[EventType "swiss (rapid)"]
[EventRounds "9"]
[EventCountry "CZE"]
[SourceTitle "CBM 215 Extra"]
[Source "ChessBase"]
[SourceDate "2023.09.30"]
[SourceVersion "1"]
[SourceVersionDate "2023.09.30"]
[SourceQuality "1"]

1. e4 c5 2. d4 cxd4 3. c3 d3 4. c4 Nc6 5. Bxd3 g6 6. Nf3 Bg7 7. Nc3 d6 8. h3 Nf6 9. Be3 Bd7 10. Rc1 0-0 11. 0-0 a5 12. Nh2 a4 13. f4 Qa5 14. Nf3 Ne8 15. Qd2 Nc7 16. f5 Ne5 17. Nxe5 Bxe5 18. Bh6 Bg7 19. Kh1 Qb4 20. Rc2 Bc6 21. Qg5 f6 22. Qh4 g5 23. Bxg5 fxg5 24. Qxg5 Ne8 25. Rf3 Nf6 26. Rg3 Rf7 27. Rf2 Kh8 28. Kh2 Rg8 29. Qh4 Bf8 30. Rff3 Qxb2 31. Ne2 Rfg7 32. Nf4 Rxg3 33. Rxg3 Rxg3 34. Qxg3 Qe5 35. Qh4 Bg7 36. g3 Kg8 37. Qg5 Nxe4 38. Kg1 Nxg5 0-1

[Event "Pardubice rapid op 34th"]
[Site "Pardubice"]
[Date "2023.07.20"]
[Round "9"]
[White "Svoboda, Petr"]
[Black "Juros, Zbynek"]
[Result "1-0"]
[WhiteElo "2088"]
[BlackElo "1637"]
[PlyCount "103"]
[EventDate "2023.07.19"]
[EventType "swiss (rapid)"]
[EventRounds "9"]
[EventCountry "CZE"]
[SourceTitle "CBM 215 Extra"]
[Source "ChessBase"]
[SourceDate "2023.09.30"]
[SourceVersion "1"]
[SourceVersionDate "2023.09.30"]
[SourceQuality "1"]

1. Nf3 c5 2. b3 d6 3. Bb2 Nf6 4. e3 g6 5. d4 cxd4 6. exd4 Bg7 7. Be2 0-0 8. 0-0 b6 9. c4 Ba6 10. Nc3 d5 11. Rc1 dxc4 12. bxc4 Nbd7 13. Qb3 Rc8 14. Qa4 Bb7 15. Rfd1 Ra8 16. d5 Ne4 17. Nd4 Ndc5 18. Qc2 f5 19. Nxe4 fxe4 20. Ne6 Nxe6 21. dxe6 Qc8 22. Bxg7 Kxg7 23. Rd7 Re8 24. Qc3+ Kg8 25. Qe5 Bc6 26. Rc7 Qb8 27. Qf4 Rf8 28. Qg3 Qe8 29. Qg5 Rf6 30. Bg4 a6 31. h4 Rc8 32. Qe5 Qd8 33. Ra7 Qd2 34. Rf1 e3 35. Qxe3 Qd6 36. Rxa6 Rcf8 37. Rxb6 Qc7 38. c5 Rf4 39. f3 h5 40. Bh3 Rxh4 41. Qg5 Qf4 42. Qxf4 Rfxf4 43. Rxc6 Rc4 44. Rc7 Kf8 45. Rb1 Rhd4 46. Rb8+ Kg7 47. Rxe7+ Kf6 48. Rf7+ Kg5 49. e7 Kh4 50. e8Q Rd1+ 51. Kh2 g5 52. g3# 1-0

[Event "Pardubice Region-chT 2223"]
[Site "Czech Republic"]
[Date "2023.01.15"]
[Round "6.1"]
[White "Juros, Zbynek"]
[Black "Mikyska, Kamil"]
[Result "0-1"]
[WhiteElo "1564"]
[BlackElo "1960"]
[PlyCount "70"]
[EventDate "2022.10.09"]
[EventType "team-tourn"]
[EventRounds "11"]
[EventCountry "CZE"]
[SourceTitle "EXT 2024"]
[Source "ChessBase"]
[SourceDate "2023.10.10"]
[SourceVersion "1"]
[SourceVersionDate "2023.10.10"]
[SourceQuality "1"]

1. e4 e5 2. f4 exf4 3. Nf3 d5 4. exd5 Qxd5 5. Nc3 Qd8 6. d4 Bd6 7. Bc4 Bg4 8. 0-0 Nf6 9. Re1+ Kf8 10. Nb5 Nc6 11. Nxd6 Qxd6 12. c3 Bxf3 13. gxf3 g6 14. a4 Kg7 15. b4 Rae8 16. Bb2 Rxe1+ 17. Qxe1 Re8 18. Qf2 a6 19. Re1 Rxe1+ 20. Qxe1 Ne7 21. Bd3 Ned5 22. a5 c6 23. Qe2 Qd7 24. Bxa6 bxa6 25. Qxa6 Qe6 26. Qf1 Ne3 27. Qe2 Qa2 28. d5 cxd5 29. a6 Nc4 30. b5 Nd7 31. Qd3 Qxb2 32. a7 Qc1+ 33. Kg2 Ndb6 34. Qd4+ Kg8 35. Qxd5 Ne3+ 0-1

[Event "Pardubice Region-chT 2223"]
[Site "Czech Republic"]
[Date "2022.11.27"]
[Round "4.1"]
[White "Juros, Zbynek"]
[Black "Prandstetter, Eduard"]
[Result "0-1"]
[WhiteElo "1564"]
[BlackElo "2204"]
[PlyCount "62"]
[EventDate "2022.10.09"]
[EventType "team-tourn"]
[EventRounds "11"]
[EventCountry "CZE"]
[SourceTitle "EXT 2024"]
[Source "ChessBase"]
[SourceDate "2023.10.10"]
[SourceVersion "1"]
[SourceVersionDate "2023.10.10"]
[SourceQuality "1"]

1. e4 e6 2. d4 d5 3. c4 dxe4 4. Nc3 Nf6 5. f3 exf3 6. Nxf3 b6 7. Bg5 Be7 8. Qd2 0-0 9. Bd3 Bb7 10. h4 Nbd7 11. 0-0-0 a6 12. Rh3 Qe8 13. Rf1 c5 14. Ne5 cxd4 15. Nxd7 Nxd7 16. Ne4 f5 17. Ng3 Bxg5 18. hxg5 g6 19. Nh5 gxh5 20. Rfh1 Rf7 21. Rxh5 Rg7 22. Bc2 Nf8 23. R1h2 Rd8 24. g4 d3 25. Bb3 fxg4 26. a3 g3 27. R2h4 g2 28. Qe3 d2+ 29. Kd1 Bf3+ 30. Qxf3 g1Q+ 31. Kc2 Qc1# 0-1